| 000 | 00537nam a2200169Ia 4500 | ||
|---|---|---|---|
| 003 | GCL | ||
| 008 | 140319s9999 xx 000 0 ara d | ||
| 040 |
_aGCL / _cGCL |
||
| 082 | 0 | 4 |
_a810 _bس ا |
| 100 | 1 | _aسعيد بن سعيد | |
| 245 | 1 | 0 |
_aالايدلوجيا والحداثة قراءات فى الفكر العربى المعاصر / _cسعيد بن سعيد |
| 260 |
_a[S.N] : _bالمركز الثقافى العربى ، _c1987 |
||
| 300 | _a120 ص | ||
| 490 | _a | ||
| 650 | 0 | 4 | _aالادب العربى |
| 942 |
_2ddc _cBK |
||
| 999 |
_c52831 _d52831 |
||